| 000 | 01173cam a22003254a 4500 | ||
|---|---|---|---|
| 001 | 1007 | ||
| 005 | 20230831084235.0 | ||
| 020 | _a9780545017602 | ||
| 020 | _a0545017602 | ||
| 040 |
_aDLC _cDLC _dDLC _beng |
||
| 050 | 0 | 0 |
_aPZ7.B26154 _bRu 2008 |
| 082 | 0 | 0 |
_aFic _222 |
| 100 | 1 | _aBarnes, Derrick | |
| 245 | 1 | 0 |
_aRuby and the Booker boys : _bbrand new school, brave new Ruby / _cby Derrick Barnes ; illustrated by Vanessa Newton. |
| 246 | 3 | 0 | _aBrand new school, brave new Ruby |
| 260 |
_aNew York : _bScholastic, _c2008. |
||
| 300 |
_a130 pages. : _billustrations ; _c20 cm. |
||
| 500 | _a"A Little Apple paperback." | ||
| 505 | _aR | ||
| 520 | _aWhen Ruby Booker starts third grade at Hope Road Academy, the same school her three illustrious older brothers attend, she tries hard to make an impression of her own. | ||
| 521 |
_a700
_bLexile |
||
| 521 |
_aR
_bRaz-Plus |
||
| 650 | 1 |
_aIndividuality _vFiction. |
|
| 650 | 1 |
_aSiblings _vFiction. |
|
| 650 | 1 |
_aSchools _vFiction. |
|
| 650 | 1 |
_aAfrican Americans _vFiction. |
|
| 700 | 1 |
_aBrantley-Newton, Vanessa _eillustrator |
|
| 906 |
_a7 _bcbc _corignew _d1 _eecip _f20 _gy-gencatlg |
||
| 942 |
_2ddc _cBK _n0 |
||
| 999 |
_c1007 _d1007 |
||